000 01698nam a22002177a 4500
005 20230106105814.0
008 230106b ||||| |||| 00| 0 eng d
040 _cAL
041 _aEnglish
082 _223
_a951.050
_bMAOS
100 _aMao Tse Tung
_968666
245 _aselected Works of Mao Tse Tung
260 _bForeign Languages Press
_c1969
300 _a459 p.
_bPB
_c22x15 cm.
440 _aVolume IV
_968667
520 _aSelected Works of Mao Tse-Tung, Volume IV focuses on the views of Mao Tse-Tung on communism, revolution, civil war, and patriotism. The volume first ponders on China's policy following victory in the war of resistance against Japan and the response of Mao Tse-Tung on Chiang Kai-shek's meddling with the surrender of Japanese forces and his plans for a counter-revolutionary civil war. The publication also takes a look at the role of rent reduction and production on the defense of liberated areas and the policy for work in the liberated areas. The book examines Mao Tse-Tung's call for his comrades to rise in arms against the leadership of Chiang Kai-shek, particularly taking note of the support that Chiang Kai-shek is getting from the United States. The text also elaborates on the concept of operations for the Liaohsi-Shenyang and Huai-hai campaigns; strengthening the party committee system; and the demand to include punishment for Japanese and Kuomintang war criminals. The volume is a dependable source of data for readers interested in the views of Mao Tse-Tung on communism, revolution, civil war, and patriotism.
650 _aMao Tse Tung
_968668
650 _aSelected Works
_968669
700 _aMAO TSE TUNG
_968670
942 _2ddc
_cDB
999 _c226283
_d226283